|
|
|
|
| LEADER |
01110nam a2200289 a 4500 |
| 001 |
15358125 |
| 008 |
100614s2009 maua b 001 0 eng d |
| 010 |
|
|
|a \\2008932704
|
| 020 |
|
|
|a 9780312475628
|
| 020 |
|
|
|a 0312475624
|
| 020 |
|
|
|a 0312533004
|
| 020 |
|
|
|a 9780312533007
|
| 040 |
|
|
|a EIK
|c EIK
|d DLC
|d BD-DhAAL
|
| 082 |
0 |
0 |
|a 808/.02/0285
|2 22
|
| 100 |
1 |
|
|a Palmquist, Mike.
|
| 245 |
1 |
4 |
|a The Bedford researcher /
|c Mike Palmquist.
|
| 250 |
|
|
|a 3rd. ed.
|
| 260 |
|
|
|a Boston :
|b Bedford/St. Martin's,
|c c2009.
|
| 300 |
|
|
|a xxxv, 424 p. :
|b ill. (chiefly col.) ;
|c 23 cm. (spiral bound)
|
| 504 |
|
|
|a Includes bibliographical references and index.
|
| 541 |
1 |
|
|e 00020368
|
| 650 |
|
0 |
|a Report writing.
|
| 650 |
|
0 |
|a Academic writing.
|
| 650 |
|
0 |
|a Research
|x Methodology.
|
| 852 |
4 |
|
|a Ayesha Abed Library
|j General Shelf
|
| 999 |
|
|
|c 8928
|d 8928
|
| 952 |
|
|
|0 0
|1 0
|2 ddc
|4 1
|6 808_020285000000000_PAL_2009
|7 0
|9 10940
|a ENH
|b ENH
|d 2010-06-14
|l 1
|o 808.020285 PAL
|p 3010020368
|r 2014-05-14
|s 2013-02-25
|t 1
|w 2010-06-14
|y BK
|x Departmental-issued damaged books were found in the ENH department for the reason of termites eaten in 2016
|